00000000nam 2200000zi 4500
0019.946629
003CaOODSP
00520250109074826
006m     o  d f      
007cr mn|||||||||
008250108s1972    onc     o    f000 0 fre d
040 |aCaOODSP|bfre|erda|cCaOODSP
0410 |aeng|afre
043 |an-cn---
0861 |aC2-675/1972-PDF
24500|aBuilding Equipment, Accessories and Materials Program, BEAM = |bProgramme pour le bâtiment l'équipement, les accessoires et les matériaux, BEAM.
24611|aProgramme pour le bâtiment l'équipement, les accessoires et les matériaux, BEAM
24616|aBEAM Program = |bLe programme BEAM
264 1|aOttawa, Canada : |bDepartment of Industry, Trade and Commerce = Ministère de l'industrie et du commerce, |c1972.
300 |a1 ressource en ligne (10 pages)
336 |atexte|btxt|2rdacontent/fre
337 |ainformatique|bc|2rdamedia/fre
338 |aressource en ligne|bcr|2rdacarrier/fre
500 |aTitre de la couverture.
500 |aÉdition numérisée de l'imprimé [par Innovation, sciences et développement économique Canada].
546 |aTexte en anglais et en français.
650 6|aConstruction|xIndustrie|xPolitique gouvernementale|zCanada.
650 6|aConstruction|xÉquipement|xIndustrie|xPolitique gouvernementale|zCanada.
650 6|aConstruction|xMatériaux|xIndustrie|xPolitique gouvernementale|zCanada.
7101 |aCanada. |bMinistère de l'industrie et du commerce, |eorganisme de publication.
788 |tBuilding Equipment, Accessories and Materials Program, BEAM = |eeng|w(CaOODSP)9.934218
85640|qPDF|s676 Ko|uhttps://publications.gc.ca/collections/collection_2025/isde-ised/c2/C2-675-1972.pdf